000 00620nam a2200205Ia 4500
005 20250508160520.0
008 008 250505s9999 xx 000 0 eng d
037 _aTextual
040 _aFEDL
_beng
_cFEDL
041 _aeng
_2eng
084 _a370.15, AUS
_qFEDL
100 _aAusubel David P.
245 0 _aSchool learning : An introduction to educational psychology
260 _aNew York, USA
_bHolt, Rinehart and Winston
_c1969
300 _axii,691p
650 _aEducation - Psychology
700 _a Robinson Floyd G.
_9768681
942 _cTEXL
_h370.15, AUS
999 _c1365091
_d1365091